[Event "4th GRENKE Open 2019"]
[Site "Karlsruhe"]
[Date "2019.04.19"]
[Round "3.23"]
[White "Pajeken, Jakob Leon"]
[Black "Donchenko, Alexander"]
[Result "0-1"]
[WhiteElo "2342"]
[BlackElo "2584"]
[Annotator "ChessBase"]
[PlyCount "66"]
[EventDate "2019.04.18"]
[EventType "swiss"]
[EventCountry "GER"]
[SourceTitle "playchess.com"]
[Source "ChessBase"]
[SourceQuality "1"]

1. d4 Nf6 2. Nf3 b6 3. c4 Bb7 4. e3 e6 5. Nc3 Bb4 6. Bd3 O-O 7. O-O c5 8. Na4 cxd4 9. a3 Be7 10. exd4 Re8 11. b4 a5 12. b5 d6 13. Bb2 Nbd7 14. Rc1 Rc8 15. Qe2 d5 16. Ne5 dxc4 17. Bxc4 Nf8 18. Rfd1 Qd6 19. f4 Nd5 20. g3 Rc7 21. Bxd5 Bxd5 22. Rxc7 Qxc7 23. Rc1 Qb7 24. Nc3 Rc8 25. Rc2 Bh1 26. f5 exf5 27. d5 Re8 28. Kxh1 Bf6 29. Na4 Qxd5+ 30. Qf3 Qxb5 31. Qxf5 Bxe5 32. Rf2 f6 33. Bxe5 Rxe5 0-1

[Event "4th GRENKE Open 2019"]
[Site "Karlsruhe"]
[Date "2019.04.19"]
[Round "3.24"]
[White "Petkidis, Anthony"]
[Black "Schroeder, Jan-Christian"]
[Result "1-0"]
[WhiteElo "2338"]
[BlackElo "2577"]
[Annotator "ChessBase"]
[PlyCount "67"]
[EventDate "2019.04.18"]
[EventType "swiss"]
[EventCountry "GER"]
[SourceTitle "playchess.com"]
[Source "ChessBase"]
[SourceQuality "1"]

1. e4 e5 2. Nf3 Nc6 3. Bb5 a6 4. Ba4 Nf6 5. O-O Be7 6. d3 d6 7. c3 O-O 8. Nbd2 b5 9. Bc2 d5 10. exd5 Qxd5 11. Ne4 Bg4 12. h3 Bh5 13. Bb3 Qd8 14. Qe2 Bg6 15. Nh4 Na5 16. Nxg6 hxg6 17. Bc2 c5 18. Re1 Nd5 19. a3 Rc8 20. g3 b4 21. h4 Nf6 22. Nd2 Bd6 23. Qf3 Re8 24. Kg2 Qc7 25. Ne4 Nxe4 26. Rxe4 bxc3 27. bxc3 c4 28. h5 f5 29. hxg6 fxe4 30. dxe4 Qe7 31. Qh5 Qe6 32. Bd1 Nb3 33. Bg4 Qf6 34. Bg5 1-0

[Event "4th GRENKE Open 2019"]
[Site "Karlsruhe"]
[Date "2019.04.19"]
[Round "3.25"]
[White "Gareyev, Timur"]
[Black "Burcu, Cagatay"]
[Result "1-0"]
[WhiteElo "2560"]
[BlackElo "2329"]
[Annotator "ChessBase"]
[PlyCount "65"]
[EventDate "2019.04.18"]
[EventType "swiss"]
[EventCountry "GER"]
[SourceTitle "playchess.com"]
[Source "ChessBase"]
[SourceQuality "1"]

1. d4 d5 2. c4 c6 3. Nf3 Nf6 4. Nbd2 Bf5 5. Nh4 Be4 6. Qb3 Qb6 7. f3 Bg6 8. e3 e6 9. g4 Be7 10. g5 Nfd7 11. Nxg6 hxg6 12. f4 Na6 13. c5 Qxb3 14. Nxb3 Bd8 15. Bd2 Nab8 16. a4 f6 17. Bd3 Nf8 18. Na5 Bxa5 19. Bxa5 e5 20. gxf6 gxf6 21. fxe5 fxe5 22. O-O e4 23. Be2 Rh7 24. b4 a6 25. b5 axb5 26. axb5 Rf7 27. Rfb1 Nbd7 28. Be1 Rxa1 29. Rxa1 Ne6 30. Bg4 Nc7 31. b6 Na6 32. Bg3 Nf6 33. Bc8 1-0

[Event "4th GRENKE Open 2019"]
[Site "Karlsruhe"]
[Date "2019.04.19"]
[Round "3.26"]
[White "Werle, Jan"]
[Black "Manea, Alexandru"]
[Result "1/2-1/2"]
[WhiteElo "2556"]
[BlackElo "2326"]
[Annotator "ChessBase"]
[PlyCount "108"]
[EventDate "2019.04.18"]
[EventType "swiss"]
[EventCountry "GER"]
[SourceTitle "playchess.com"]
[Source "ChessBase"]
[SourceQuality "1"]

1. Nf3 Nf6 2. c4 c6 3. d4 d5 4. e3 Bf5 5. Nc3 a6 6. Be2 h6 7. O-O e6 8. b3 Nbd7 9. Bb2 Bd6 10. Bd3 Bxd3 11. Qxd3 O-O 12. e4 dxe4 13. Nxe4 Nxe4 14. Qxe4 Qa5 15. a3 Rad8 16. Rad1 Qh5 17. h3 Nf6 18. Qc2 Be7 19. Rfe1 Qa5 20. Re3 Rfe8 21. Rde1 Qc7 22. Qe2 Bd6 23. Ne5 c5 24. dxc5 Bxc5 25. Rd3 Rxd3 26. Nxd3 Be7 27. Ne5 Rd8 28. b4 Bd6 29. c5 Bxe5 30. Bxe5 Qe7 31. Bxf6 Qxf6 32. Rd1 Kf8 33. Rxd8+ Qxd8 34. Qe5 Qd7 35. Qb8+ Ke7 36. Kh2 Kf6 37. Qf4+ Ke7 38. Qg3 Kf8 39. Qb8+ Ke7 40. f4 Qc6 41. Kg3 Qe4 42. Qd6+ Kf6 43. Qd1 e5 44. fxe5+ Qxe5+ 45. Kf2 Qb2+ 46. Kg1 Qxa3 47. Qd6+ Kf5 48. Qd5+ Kf6 49. Qd4+ Kg6 50. Qe4+ Kf6 51. Qxb7 Qc1+ 52. Kh2 Qf4+ 53. Kh1 Qc1+ 54. Kh2 Qf4+ 1/2-1/2

[Event "4th GRENKE Open 2019"]
[Site "Karlsruhe"]
[Date "2019.04.19"]
[Round "3.27"]
[White "Abel, Thomas"]
[Black "Hakobyan, Aram"]
[Result "0-1"]
[WhiteElo "2336"]
[BlackElo "2554"]
[Annotator "ChessBase"]
[PlyCount "66"]
[EventDate "2019.04.18"]
[EventType "swiss"]
[EventCountry "GER"]
[SourceTitle "playchess.com"]
[Source "ChessBase"]
[SourceQuality "1"]

1. d4 Nf6 2. c4 e6 3. Nf3 d5 4. g3 Bb4+ 5. Bd2 Be7 6. Bg2 O-O 7. O-O Nbd7 8. Qc2 c6 9. b3 Ne4 10. Bf4 f5 11. Nc3 g5 12. Bc1 Bf6 13. Bb2 g4 14. Ne5 Nxe5 15. Nxe4 fxe4 16. dxe5 Bg7 17. f3 exf3 18. exf3 gxf3 19. Rxf3 Rxf3 20. Bxf3 Bd7 21. Re1 Qb6+ 22. Kg2 Rf8 23. Re2 Be8 24. Bg4 Bg6 25. Bxe6+ Kh8 26. Qd2 Be4+ 27. Kh3 Bf3 28. Re3 Qd8 29. Qc3 d4 30. Qxd4 Qg5 31. g4 h5 32. Kg3 c5 33. Qd3 Bxg4 0-1

[Event "4th GRENKE Open 2019"]
[Site "Karlsruhe"]
[Date "2019.04.19"]
[Round "3.28"]
[White "Daggupati, Balaji"]
[Black "Antal, Gergely"]
[Result "0-1"]
[WhiteElo "2326"]
[BlackElo "2552"]
[Annotator "ChessBase"]
[PlyCount "94"]
[EventDate "2019.04.18"]
[EventType "swiss"]
[EventCountry "GER"]
[SourceTitle "playchess.com"]
[Source "ChessBase"]
[SourceQuality "1"]

1. e4 c5 2. Nf3 Nc6 3. Bb5 g6 4. O-O Bg7 5. Re1 Nf6 6. Nc3 O-O 7. e5 Ne8 8. d3 Nc7 9. Bxc6 dxc6 10. Ne4 b6 11. h3 Ne6 12. Be3 Nd4 13. Ned2 Be6 14. a4 Qd7 15. a5 Nxf3+ 16. Nxf3 Bd5 17. Nd2 Bxe5 18. Bxc5 Bxb2 19. Rxe7 Qf5 20. axb6 axb6 21. Rxa8 Rxa8 22. Rb7 Qg5 23. Nf3 Qf4 24. Be3 Qd6 25. Qd2 Ra1+ 26. Ne1 c5 27. Bf4 Be5 28. Rxb6 Bxf4 29. Rxd6 Bxd2 30. Rxd5 Rxe1+ 31. Kh2 Re2 32. Kg1 Bb4 33. c4 Kg7 34. g3 Kf6 35. Rd6+ Re6 36. Rd5 Re5 37. Rd6+ Ke7 38. Ra6 Bc3 39. Ra7+ Kf6 40. Ra6+ Re6 41. Ra2 Re1+ 42. Kg2 Rd1 43. Ra6+ Kg7 44. Ra3 Bd4 45. f4 Rd2+ 46. Kh1 h5 47. Rb3 h4 0-1

[Event "4th GRENKE Open 2019"]
[Site "Karlsruhe"]
[Date "2019.04.19"]
[Round "3.29"]
[White "Pavlidis, Antonios"]
[Black "Arnold, Max"]
[Result "1-0"]
[WhiteElo "2537"]
[BlackElo "2324"]
[Annotator "ChessBase"]
[PlyCount "69"]
[EventDate "2019.04.18"]
[EventType "swiss"]
[EventCountry "GER"]
[SourceTitle "playchess.com"]
[Source "ChessBase"]
[SourceQuality "1"]

1. e4 e5 2. Nf3 Nc6 3. Bc4 Bc5 4. d3 Nf6 5. Bg5 h6 6. Bh4 d6 7. a4 a6 8. c3 Ba7 9. Na3 Qe7 10. Nc2 Be6 11. Qe2 Nd8 12. Nd2 Bxc4 13. Nxc4 Ne6 14. N4e3 Nf4 15. Qd2 Bxe3 16. Nxe3 Qe6 17. f3 Ng6 18. Bxf6 Qxf6 19. O-O O-O 20. a5 Qg5 21. Rad1 Rad8 22. d4 Nf4 23. Kh1 g6 24. g3 Ne6 25. f4 Qh5 26. Qg2 c6 27. f5 exd4 28. cxd4 Nc7 29. Rf4 Kh8 30. Rdf1 g5 31. g4 gxf4 32. gxh5 fxe3 33. Qf3 Kh7 34. Qxe3 Rg8 35. Qb3 1-0

[Event "4th GRENKE Open 2019"]
[Site "Karlsruhe"]
[Date "2019.04.19"]
[Round "3.31"]
[White "Hilverda, Alexander"]
[Black "Annaberdiev, Meilis"]
[Result "0-1"]
[WhiteElo "2326"]
[BlackElo "2525"]
[Annotator "ChessBase"]
[PlyCount "112"]
[EventDate "2019.04.18"]
[EventType "swiss"]
[EventCountry "GER"]
[SourceTitle "playchess.com"]
[Source "ChessBase"]
[SourceQuality "1"]

1. d4 Nf6 2. c4 e6 3. g3 c5 4. d5 exd5 5. cxd5 d6 6. Nc3 g6 7. Bg2 Bg7 8. Nf3 O-O 9. O-O Re8 10. Bf4 a6 11. a4 h6 12. Re1 g5 13. Bc1 Nbd7 14. Qc2 Rb8 15. Rb1 Qc7 16. h4 g4 17. Nd2 Ne5 18. b3 b5 19. Bb2 Bd7 20. axb5 axb5 21. Nd1 Ra8 22. Ne3 Qd8 23. Ra1 Qe7 24. Nf5 Bxf5 25. Qxf5 Qd7 26. Qc2 Ng6 27. Nf1 Nh5 28. Bxg7 Nxg7 29. Ne3 Ne5 30. Be4 Qe7 31. Kg2 h5 32. Bh7+ Kf8 33. Nf5 Qf6 34. Rxa8 Rxa8 35. Nxg7 Kxg7 36. Bd3 c4 37. bxc4 bxc4 38. Be4 Rc8 39. Rc1 Rc5 40. Qd2 Nd7 41. f3 Qe5 42. Qg5+ Qxg5 43. hxg5 Nb6 44. f4 c3 45. Kf2 f6 46. gxf6+ Kxf6 47. Bg2 Na4 48. Ke3 Rb5 49. Be4 Rb4 50. Bg2 Rb3 51. Kd4 Rb2 52. Re1 Rd2+ 53. Ke3 Nb2 54. Rc1 Nd1+ 55. Ke4 Rxe2+ 56. Kd4 Rxg2 0-1

[Event "4th GRENKE Open 2019"]
[Site "Karlsruhe"]
[Date "2019.04.19"]
[Round "3.32"]
[White "Koellner, Ruben Gideon"]
[Black "Dann, Matthias"]
[Result "0-1"]
[WhiteElo "2318"]
[BlackElo "2520"]
[Annotator "ChessBase"]
[PlyCount "112"]
[EventDate "2019.04.18"]
[EventType "swiss"]
[EventCountry "GER"]
[SourceTitle "playchess.com"]
[Source "ChessBase"]
[SourceQuality "1"]

1. d4 Nf6 2. Bg5 e6 3. Nd2 c5 4. e3 b6 5. Ngf3 cxd4 6. exd4 Be7 7. Bxf6 Bxf6 8. c3 O-O 9. Bd3 Ba6 10. Bxa6 Nxa6 11. Ne4 Nc7 12. Nxf6+ Qxf6 13. Ne5 Qe7 14. O-O d6 15. Nd3 Nd5 16. Qe2 Qd7 17. f4 b5 18. Rae1 Rac8 19. Qe4 g6 20. g4 b4 21. cxb4 Qb5 22. a3 Nf6 23. Qf3 Nxg4 24. Qxg4 Qxd3 25. Rd1 Qe3+ 26. Rf2 Rc1 27. Rxc1 Qxc1+ 28. Kg2 d5 29. Qe2 Rc8 30. Rf1 Qc6 31. Qd2 Qb6 32. Rf3 Rc4 33. Rd3 Kg7 34. Kf2 f6 35. b3 Rc7 36. Rc3 Rf7 37. Rc5 g5 38. Ke1 h6 39. h4 Qd6 40. fxg5 fxg5 41. Qe3 gxh4 42. Qe5+ Qxe5+ 43. dxe5 Kg6 44. Rc8 Kh5 45. Ke2 h3 46. Rc1 Kh4 47. Rh1 Rf5 48. b5 Rxe5+ 49. Kf3 Rf5+ 50. Ke2 Rg5 51. a4 Rg3 52. Rb1 h2 53. Rh1 Kh3 54. a5 Rxb3 55. b6 axb6 56. a6 Ra3 0-1

[Event "4th GRENKE Open 2019"]
[Site "Karlsruhe"]
[Date "2019.04.19"]
[Round "3.33"]
[White "Dobrikov, Marco"]
[Black "Basso, Pier Luigi"]
[Result "0-1"]
[WhiteElo "2315"]
[BlackElo "2516"]
[Annotator "ChessBase"]
[PlyCount "116"]
[EventDate "2019.04.18"]
[EventType "swiss"]
[EventCountry "GER"]
[SourceTitle "playchess.com"]
[Source "ChessBase"]
[SourceQuality "1"]

1. e4 c5 2. Nf3 e6 3. d4 cxd4 4. Nxd4 Nf6 5. Bd3 Nc6 6. Nxc6 bxc6 7. O-O d5 8. exd5 cxd5 9. c4 Be7 10. Nc3 O-O 11. Bg5 h6 12. Bf4 Bb7 13. Qb3 Bc6 14. Rad1 Qa5 15. Rfe1 Rac8 16. Be5 Rfd8 17. Nb5 Bb4 18. Bc3 Bxc3 19. Qxc3 Qb6 20. c5 Qb8 21. Nd4 Ng4 22. g3 e5 23. Nxc6 Rxc6 24. Bf5 Nf6 25. Qxe5 Rxc5 26. Qxb8 Rxb8 27. Rd2 g6 28. Bb1 a5 29. b3 Kf8 30. f3 Rbc8 31. Kf2 Rc3 32. Ree2 Rc1 33. Rc2 R8xc2 34. Bxc2 Rh1 35. Ke3 Ke7 36. Kd4+ Kd6 37. Bd3 Nd7 38. Bb5 Nf8 39. Rc2 Ne6+ 40. Ke3 g5 41. f4 gxf4+ 42. gxf4 d4+ 43. Ke4 Re1+ 44. Kf5 d3 45. Rd2 Nd4+ 46. Kf6 Nxb5 47. Rxd3+ Kc5 48. Kxf7 Rf1 49. Rh3 Rxf4+ 50. Ke6 Rf2 51. Rh5+ Kc6 52. a4 Nd4+ 53. Ke7 Nf5+ 54. Kd8 Rf3 55. Kc8 Kd6 56. Kb7 Rxb3+ 57. Ka6 Ke6 58. Kxa5 Kf6 0-1

[Event "4th GRENKE Open 2019"]
[Site "Karlsruhe"]
[Date "2019.04.19"]
[Round "3.34"]
[White "Nasuta, Grzegorz"]
[Black "Kowalski, Igor"]
[Result "1-0"]
[WhiteElo "2516"]
[BlackElo "2307"]
[Annotator "ChessBase"]
[PlyCount "61"]
[EventDate "2019.04.18"]
[EventType "swiss"]
[EventCountry "GER"]
[SourceTitle "playchess.com"]
[Source "ChessBase"]
[SourceQuality "1"]

1. e4 g6 2. d4 Bg7 3. Nf3 d6 4. Be3 a6 5. c4 Nf6 6. Nc3 O-O 7. h3 c6 8. Bd3 Nbd7 9. Qc2 e5 10. dxe5 dxe5 11. c5 Nh5 12. g3 Qf6 13. Be2 Qe7 14. Na4 Re8 15. Nd2 Nf8 16. Nb6 Rb8 17. Nxc8 Rexc8 18. Bxh5 gxh5 19. Nc4 Ne6 20. Nd6 Rd8 21. O-O Qf6 22. Nf5 Bf8 23. Rad1 Kh8 24. h4 Qg6 25. Rxd8 Rxd8 26. Rd1 Qf6 27. b4 Ng7 28. Bg5 Rxd1+ 29. Qxd1 Qe6 30. Qd8 Qe8 31. Nd6 1-0

[Event "4th GRENKE Open 2019"]
[Site "Karlsruhe"]
[Date "2019.04.19"]
[Round "3.35"]
[White "Ruff, Maximilian"]
[Black "Admiraal, Miguoel"]
[Result "1/2-1/2"]
[WhiteElo "2313"]
[BlackElo "2516"]
[Annotator "ChessBase"]
[PlyCount "100"]
[EventDate "2019.04.18"]
[EventType "swiss"]
[EventCountry "GER"]
[SourceTitle "playchess.com"]
[Source "ChessBase"]
[SourceQuality "1"]

1. d4 d5 2. c4 c6 3. cxd5 cxd5 4. Bf4 Nc6 5. e3 Nf6 6. Nc3 Bg4 7. Qb3 Na5 8. Qa4+ Bd7 9. Qc2 e6 10. Nf3 Be7 11. h3 Ne4 12. Bd3 f5 13. O-O Rc8 14. Ne5 Nc6 15. Qe2 Nxe5 16. Bxe5 O-O 17. Nxe4 fxe4 18. Bb5 a6 19. Bxd7 Qxd7 20. Rac1 Bd6 21. Bxd6 Qxd6 22. Rc2 Rc6 23. Rfc1 Rfc8 24. Rxc6 Rxc6 25. Rxc6 Qxc6 26. Qh5 Qc1+ 27. Kh2 Qc7+ 28. g3 Qf7 29. Qe2 h5 30. h4 Kh7 31. Kg1 Kg6 32. Kg2 Qf5 33. a3 Kf6 34. Qd1 Kg6 35. Qa4 Qf3+ 36. Kg1 Qf7 37. Kg2 Kf5 38. Qd1 g5 39. hxg5 Kxg5 40. Qa4 Kg4 41. Kg1 Qf5 42. Qd1+ Kg5 43. Kg2 Qf7 44. Qc1 Kf5 45. Qh1 Kg6 46. Qh4 Qf3+ 47. Kg1 Qd1+ 48. Kg2 Qf3+ 49. Kg1 Qd1+ 50. Kg2 Qf3+ 1/2-1/2

[Event "4th GRENKE Open 2019"]
[Site "Karlsruhe"]
[Date "2019.04.19"]
[Round "3.36"]
[White "Dragnev, Valentin"]
[Black "Hess, Max"]
[Result "1-0"]
[WhiteElo "2514"]
[BlackElo "2307"]
[Annotator "ChessBase"]
[PlyCount "59"]
[EventDate "2019.04.18"]
[EventType "swiss"]
[EventCountry "GER"]
[SourceTitle "playchess.com"]
[Source "ChessBase"]
[SourceQuality "1"]

1. d4 Nf6 2. c4 g6 3. Nc3 Bg7 4. e4 d6 5. f3 O-O 6. Be3 e5 7. d5 Nh5 8. Qd2 f5 9. O-O-O a6 10. exf5 gxf5 11. Nh3 b5 12. cxb5 axb5 13. Bxb5 Na6 14. Bc6 Rb8 15. Ba7 Qf6 16. Kb1 Rb4 17. a3 Rh4 18. Bf2 Rd4 19. Bxd4 exd4 20. Nb5 d3 21. Rhe1 f4 22. Nf2 Bf5 23. Ne4 Bxe4 24. Rxe4 Nc5 25. Re8 Qf7 26. Rxf8+ Kxf8 27. Qa5 Qe7 28. Qxc7 Qe2 29. Qd8+ Kf7 30. Be8+ 1-0

[Event "4th GRENKE Open 2019"]
[Site "Karlsruhe"]
[Date "2019.04.19"]
[Round "3.37"]
[White "Svane, Frederik"]
[Black "Studer, Noel"]
[Result "1/2-1/2"]
[WhiteElo "2309"]
[BlackElo "2514"]
[Annotator "ChessBase"]
[PlyCount "80"]
[EventDate "2019.04.18"]
[EventType "swiss"]
[EventCountry "GER"]
[SourceTitle "playchess.com"]
[Source "ChessBase"]
[SourceQuality "1"]

1. e4 e6 2. d4 d5 3. Nd2 c5 4. exd5 Qxd5 5. Ngf3 cxd4 6. Bc4 Qd7 7. O-O Nc6 8. Nb3 a6 9. Nbxd4 Nxd4 10. Nxd4 Qc7 11. Bb3 Bd6 12. Nf3 Nf6 13. Qe2 b6 14. Re1 Bb7 15. c3 O-O 16. h3 Rae8 17. Bg5 Ne4 18. Bc2 Nxg5 19. Nxg5 g6 20. Be4 Bc8 21. Bd3 a5 22. Ba6 Bh2+ 23. Kf1 Bf4 24. Nf3 Bxa6 25. Qxa6 e5 26. Re4 f5 27. Qc4+ Rf7 28. Qxc7 Rxc7 29. Ree1 e4 30. Rad1 Kf7 31. g3 Bxg3 32. Ng5+ Kf6 33. Nxe4+ Rxe4 34. fxg3 Rxe1+ 35. Kxe1 Ke5 36. Kf2 Rc4 37. Rd8 h5 38. Re8+ Kf6 39. Rf8+ Ke7 40. Rb8 Rc6 1/2-1/2

[Event "4th GRENKE Open 2019"]
[Site "Karlsruhe"]
[Date "2019.04.19"]
[Round "3.38"]
[White "Sanal, Vahap"]
[Black "Kenneskog, Theodor"]
[Result "1-0"]
[WhiteElo "2513"]
[BlackElo "2306"]
[Annotator "ChessBase"]
[PlyCount "135"]
[EventDate "2019.04.18"]
[EventType "swiss"]
[EventCountry "GER"]
[SourceTitle "playchess.com"]
[Source "ChessBase"]
[SourceQuality "1"]

1. e4 c5 2. Nf3 d6 3. d4 cxd4 4. Nxd4 Nf6 5. Nc3 a6 6. Bg5 e6 7. f4 h6 8. Bh4 Qb6 9. Qd2 Qxb2 10. Rb1 Qa3 11. e5 dxe5 12. fxe5 Nfd7 13. Ne4 Qxa2 14. Rd1 Qd5 15. Qe3 Qxe5 16. Be2 Bc5 17. Bg3 Qd5 18. c4 Bxd4 19. Rxd4 Qa5+ 20. Rd2 O-O 21. Bd6 f5 22. Nc3 Nf6 23. O-O Nc6 24. Ra2 Qd8 25. Bxf8 Qxf8 26. Bf3 Bd7 27. Rb1 Rb8 28. h3 Kh8 29. Na4 Nb4 30. Rab2 Bxa4 31. Rxb4 Bc2 32. R1b2 b5 33. cxb5 axb5 34. Rxb5 Rxb5 35. Rxb5 Be4 36. Qf4 Qe7 37. Bxe4 Nxe4 38. Qe5 Qa7+ 39. Kh2 Qe3 40. Rb8+ Kh7 41. Rb7 Qg5 42. Rb6 h5 43. Rxe6 h4 44. Re8 Nf6 45. Rf8 Kg6 46. Rh8 Kf7 47. Ra8 Kg6 48. Ra5 Ne4 49. Ra3 Kh7 50. Rf3 Kg6 51. Qe8+ Kh7 52. Qe5 Kg6 53. Qe6+ Nf6 54. Qd6 Kh7 55. Rb3 Ne4 56. Qe5 Kg6 57. Rb8 Kh7 58. Rc8 Nf6 59. Qb8 Kg6 60. Rh8 Kf7 61. Qb4 Qg3+ 62. Kh1 Ne4 63. Qf8+ Kg6 64. Qe8+ Kf6 65. Qd8+ Ke5 66. Qc7+ Kd4 67. Rd8+ Ke3 68. Qc1+ 1-0

[Event "4th GRENKE Open 2019"]
[Site "Karlsruhe"]
[Date "2019.04.19"]
[Round "3.39"]
[White "Hansch, Karsten"]
[Black "Baldauf, Marco"]
[Result "0-1"]
[WhiteElo "2307"]
[BlackElo "2493"]
[Annotator "ChessBase"]
[PlyCount "60"]
[EventDate "2019.04.18"]
[EventType "swiss"]
[EventCountry "GER"]
[SourceTitle "playchess.com"]
[Source "ChessBase"]
[SourceQuality "1"]

1. e4 c6 2. d4 d5 3. e5 Bf5 4. h4 Qc7 5. Nc3 h5 6. Nge2 e6 7. Ng3 Bg6 8. Be2 c5 9. f4 cxd4 10. Qxd4 Nc6 11. Qa4 O-O-O 12. Bd3 Bxd3 13. cxd3 Nh6 14. Be3 d4 15. Nb5 Qb6 16. Bc1 Rd5 17. Na3 Bb4+ 18. Ke2 f6 19. Nc4 Qc7 20. Ne4 Kb8 21. exf6 b5 22. Qb3 bxc4 23. dxc4 d3+ 24. Kd1 Rd4 25. Nc5 Qb6 26. fxg7 Rg8 27. Nxe6 Ng4 28. Rf1 Re4 29. c5 Re1+ 30. Rxe1 Nf2# 0-1

[Event "4th GRENKE Open 2019"]
[Site "Karlsruhe"]
[Date "2019.04.19"]
[Round "3.40"]
[White "Neukirchner, Pascal"]
[Black "Pijpers, Arthur"]
[Result "0-1"]
[WhiteElo "2307"]
[BlackElo "2485"]
[Annotator "ChessBase"]
[PlyCount "124"]
[EventDate "2019.04.18"]
[EventType "swiss"]
[EventCountry "GER"]
[SourceTitle "playchess.com"]
[Source "ChessBase"]
[SourceQuality "1"]

1. d4 d5 2. c4 c6 3. Nf3 Nf6 4. e3 Bg4 5. h3 Bf5 6. g4 Bg6 7. Ne5 Nbd7 8. Nxg6 hxg6 9. Nc3 e6 10. g5 Ne4 11. Nxe4 dxe4 12. Qb3 Qxg5 13. Bd2 Rb8 14. Qc2 Qf5 15. Bg2 Nf6 16. O-O-O Qxf2 17. Bxe4 Bb4 18. Bxg6 Bxd2+ 19. Rxd2 Qxe3 20. Bd3 Qxd4 21. Re1 Qf4 22. Kb1 Rd8 23. Rg2 Rxh3 24. Bg6 fxg6 25. Qxg6+ Ke7 26. Qxg7+ Kd6 27. Rd1+ Nd5 28. cxd5 Qf5+ 29. Rc2 Rd3 30. Rxd3 Qf1+ 31. Rc1 Qxd3+ 32. Ka1 Qe3 33. Kb1 Qe4+ 34. Ka1 Qe3 35. Kb1 Qd3+ 36. Ka1 Qe3 37. Kb1 Qe4+ 38. Ka1 Qf4 39. Kb1 Rd7 40. Qh8 Qf5+ 41. Ka1 exd5 42. Qb8+ Rc7 43. Rh1 a6 44. a3 Qc8 45. Qa7 Re7 46. Qb6 Kd7 47. Rg1 Qc7 48. Qd4 Qe5 49. Qb6 Kc8 50. Rf1 Qh8 51. Qa7 Kc7 52. Ka2 d4 53. Rf3 Rd7 54. Rb3 Qc8 55. Qb6+ Kb8 56. Qxa6 d3 57. Qc4 d2 58. Rd3 d1=Q 59. Rxd1 Rxd1 60. Qf4+ Qc7 61. Qf8+ Ka7 62. Qf6 Qd6 0-1

[Event "4th GRENKE Open 2019"]
[Site "Karlsruhe"]
[Date "2019.04.19"]
[Round "3.41"]
[White "Gegenfurtner, Juergen"]
[Black "Repka, Christopher"]
[Result "1/2-1/2"]
[WhiteElo "2300"]
[BlackElo "2482"]
[Annotator "ChessBase"]
[PlyCount "130"]
[EventDate "2019.04.18"]
[EventType "swiss"]
[EventCountry "GER"]
[SourceTitle "playchess.com"]
[Source "ChessBase"]
[SourceQuality "1"]

1. e4 e5 2. Nf3 Nc6 3. Nc3 Nf6 4. g3 Bc5 5. Bg2 d6 6. d3 h6 7. Na4 Bb6 8. O-O Be6 9. Nxb6 axb6 10. b3 Qd7 11. Re1 Bh3 12. Bh1 O-O 13. Bb2 Qg4 14. a4 Qh5 15. Nh4 Bg4 16. Bf3 Bxf3 17. Qxf3 Qxf3 18. Nxf3 Nb4 19. Re2 Rfe8 20. Bc3 Nc6 21. Rae1 Nd7 22. d4 f6 23. Kg2 b5 24. d5 Na7 25. a5 c5 26. Ra1 b4 27. Bb2 Nb5 28. Nd2 b6 29. Nc4 bxa5 30. Ree1 f5 31. exf5 Nf6 32. Red1 Ne4 33. Re1 Nf6 34. Red1 Nd4 35. Nxd6 Red8 36. Nc4 a4 37. Nb6 a3 38. Bxd4 exd4 39. Nxa8 Rxa8 40. d6 Rd8 41. Kf3 Rxd6 42. Rd2 Rd5 43. g4 Re5 44. Re2 Rxe2 45. Kxe2 Nxg4 46. h3 Ne5 47. f4 Nf7 48. Rg1 Nd6 49. f6 g6 50. Rxg6+ Kf7 51. Rxh6 a2 52. Rh7+ Kxf6 53. Ra7 Nb5 54. Rxa2 Nc3+ 55. Kd3 Nxa2 56. Kc4 Kf5 57. Kxc5 Kxf4 58. Kxd4 Kg3 59. c4 bxc3 60. Kd3 Kxh3 61. b4 Kg4 62. b5 Kf5 63. b6 Nb4+ 64. Kxc3 Nd5+ 65. Kd4 Nxb6 1/2-1/2

[Event "4th GRENKE Open 2019"]
[Site "Karlsruhe"]
[Date "2019.04.19"]
[Round "3.42"]
[White "Prithu Gupta"]
[Black "Linster, Philippe"]
[Result "0-1"]
[WhiteElo "2478"]
[BlackElo "2294"]
[Annotator "ChessBase"]
[PlyCount "98"]
[EventDate "2019.04.18"]
[EventType "swiss"]
[EventCountry "GER"]
[SourceTitle "playchess.com"]
[Source "ChessBase"]
[SourceQuality "1"]

1. Nf3 Nf6 2. c4 b6 3. g3 Bb7 4. Bg2 c5 5. O-O g6 6. b3 Bg7 7. Bb2 O-O 8. e3 d5 9. d3 Nc6 10. Ne5 Qd6 11. f4 Rad8 12. Na3 a6 13. Qe2 e6 14. Nc2 Qe7 15. Nxc6 Bxc6 16. e4 dxe4 17. dxe4 Nd7 18. e5 Nb8 19. Ne3 Rd7 20. Bh3 Rfd8 21. Bc3 Be4 22. Rfe1 Rd3 23. Rac1 Nc6 24. Ng4 Bf3 25. Nf6+ Bxf6 26. exf6 Qd6 27. Qf2 Nd4 28. Bxd4 Qxd4 29. Qxd4 R8xd4 30. Kf2 Bh5 31. Kg1 Bf3 32. Rc2 Rd2 33. Rxd2 Rxd2 34. g4 Rd4 35. Re3 Rxf4 36. Rd3 Rxf6 37. Rd6 b5 38. Rxa6 bxc4 39. bxc4 Rf4 40. Ra3 Be2 41. Ra5 Rxc4 42. g5 Rc2 43. Ra8+ Kg7 44. Ra7 Bc4 45. a4 Bd5 46. a5 Ra2 47. Bf1 c4 48. a6 c3 49. Rc7 c2 0-1

[Event "4th GRENKE Open 2019"]
[Site "Karlsruhe"]
[Date "2019.04.19"]
[Round "3.43"]
[White "Seresin, Francesco"]
[Black "Swayams, Mishra"]
[Result "1/2-1/2"]
[WhiteElo "2300"]
[BlackElo "2478"]
[Annotator "ChessBase"]
[PlyCount "44"]
[EventDate "2019.04.18"]
[EventType "swiss"]
[EventCountry "GER"]
[SourceTitle "playchess.com"]
[Source "ChessBase"]
[SourceQuality "1"]

1. d4 Nf6 2. c4 e6 3. Nc3 Bb4 4. Qc2 b6 5. Bg5 Bb7 6. e3 h6 7. Bh4 O-O 8. Nge2 Be7 9. f3 d5 10. cxd5 Nxd5 11. Bxe7 Qxe7 12. Nxd5 exd5 13. Kf2 c5 14. Qd2 Nc6 15. Nf4 cxd4 16. exd4 Qf6 17. Rd1 Ne7 18. g3 Nf5 19. Nh5 Qg6 20. Nf4 Qf6 21. Nh5 Qg6 22. Nf4 Qf6 1/2-1/2

[Event "4th GRENKE Open 2019"]
[Site "Karlsruhe"]
[Date "2019.04.19"]
[Round "3.44"]
[White "Henderson de La Fuente, Lance"]
[Black "Braeuning, Rudolf Wilhelm"]
[Result "1/2-1/2"]
[WhiteElo "2471"]
[BlackElo "2293"]
[Annotator "ChessBase"]
[PlyCount "86"]
[EventDate "2019.04.18"]
[EventType "swiss"]
[EventCountry "GER"]
[SourceTitle "playchess.com"]
[Source "ChessBase"]
[SourceQuality "1"]

1. e4 g6 2. d4 Bg7 3. Nf3 c5 4. dxc5 Na6 5. Bxa6 Qa5+ 6. c3 Qxa6 7. Be3 Nf6 8. Nbd2 O-O 9. c4 b6 10. cxb6 Ng4 11. Bg5 Qxb6 12. O-O Qxb2 13. Rb1 Qa3 14. h3 Ne5 15. Nxe5 Bxe5 16. Nf3 Bg7 17. e5 Ba6 18. Qd5 h6 19. Be3 Rac8 20. Rfc1 Rc7 21. Qd2 Kh7 22. Rb3 Qa4 23. c5 Rb7 24. Rcb1 Rfb8 25. Kh1 Qc6 26. Qa5 Bc4 27. Rxb7 Rxb7 28. Rxb7 Qxb7 29. Qd8 Bd5 30. Qxe7 Bxf3 31. gxf3 Qxf3+ 32. Kg1 Qd5 33. Qd6 Qxa2 34. Qxd7 Qb1+ 35. Kg2 Qe4+ 36. Kf1 Qc4+ 37. Kg1 Bxe5 38. Qxa7 Qd5 39. Qa4 Bc7 40. Qh4 Qd1+ 41. Kg2 Qd5+ 42. Kg1 Qd1+ 43. Kg2 Qd5+ 1/2-1/2